000 00633nam a2200229Ia 4500
003 OSt
005 20220925224235.0
006 a|||||r|||| 00| 0
007 ta
008 220923b |||||||| |||| 00| 0 eng d
037 _cGeneral Book
040 _aRTL
_cRTL
_beng
041 _2eng
_aeng
082 _aY2:3.654, K1;1
100 _aMarris Peter
_9130066
245 0 _aFamily and social change in an American city
260 _aLondon
_bRoutledge & Kegan
_c1961
300 _a180p
_ccm.
650 _aFamily Sociology
942 _hY2:3.654, K1;1
_cGB
_2CC
999 _c581117
_d581117